=LDR 00000nam 2200000 4500 =001 INLIS000000000050146 =005 20170420090050.0 =006 =007 =008 =020 ##$$a 978 - 602 - 313 035 - 1 =035 ##$$0010-041700000000336 =040 ##$$a NBPDMAT =082 ##$$a 372 =090 ##$$a 372 Kom m =100 ##$$a Kompri M. =245 ##$$a Manajemen pendidikan : $b komponen -komponen elementer kemajuan sekolah / $c Kompri M. =250 ##$$a Cet. 2. =260 ##$$a Yogyakarta : Ar-Ruzz Media, 2016 =300 ##$$a 348 hlm $b 24 cm =650 ##$$a PENDIDIKAN =850 ##$$a NBPDMAT =990 ##$$a 1161111611